The Merck Manual (Record no. 17142)
[ view plain ]
| 000 -LEADER | |
|---|---|
| fixed length control field | 00308nam a22001217a 4500 |
| 008 - FIXED-LENGTH DATA ELEMENTS--GENERAL INFORMATION | |
| fixed length control field | 140526t xxu||||| |||| 00| 0 eng d |
| 020 ## - INTERNATIONAL STANDARD BOOK NUMBER | |
| International Standard Book Number | 81-312-0590-8 |
| 100 ## - MAIN ENTRY--PERSONAL NAME | |
| Personal name | Mark. H. Beers |
| 9 (RLIN) | 904 |
| 245 ## - TITLE STATEMENT | |
| Title | The Merck Manual |
| Remainder of title | of diagnosis and therapy |
| 250 ## - EDITION STATEMENT | |
| Edition statement | eighteen edition |
| 300 ## - PHYSICAL DESCRIPTION | |
| Extent | 2991 |
| 942 ## - ADDED ENTRY ELEMENTS (KOHA) | |
| Source of classification or shelving scheme | |
| Koha item type | Book |
| Withdrawn status | Lost status | Source of classification or shelving scheme | Damaged status | Not for loan | Collection code | Permanent Location | Current Location | Date acquired | Total Checkouts | Full call number | Barcode | Date last seen | Price effective from | Koha item type |
|---|---|---|---|---|---|---|---|---|---|---|---|---|---|---|
| Atta-ur-Rahman School of Applied Biosciences (ASAB) | Atta-ur-Rahman School of Applied Biosciences (ASAB) | 05/26/2014 | 616.1 MER | ASAB672 | 05/26/2014 | 05/26/2014 | Book |
